| Tag |
First Indicator |
Second Indicator |
Subfields |
| LEADER |
00000cam a2200000 a 4500 |
| 001 |
in00000523213 |
| 005 |
20151013081904.0 |
| 008 |
840211s1983 gaua b 00110 eng d |
| 020 |
|
|
|a 0820306584
|
| 035 |
|
|
|a (OCoLC)10405723
|
| 035 |
|
|
|9 ACF1832AM
|
| 040 |
|
|
|a ICK
|c ICK
|d TXA
|d UtOrBLW
|
| 049 |
|
|
|a TXAM
|c [001691]
|
| 090 |
|
|
|a PR4146
|b .W43 1983
|
| 100 |
1 |
|
|a Webster, Brenda S.
|
| 245 |
1 |
0 |
|a Blake's prophetic psychology /
|c Brenda S. Webster.
|
| 264 |
|
1 |
|a Athens, Ga. :
|b University of Georgia Press,
|c [1983]
|
| 264 |
|
4 |
|c ©1983
|
| 300 |
|
|
|a xiv, 325 pages :
|b illustrations ;
|c 24 cm.
|
| 336 |
|
|
|a text
|b txt
|2 rdacontent
|
| 337 |
|
|
|a unmediated
|b n
|2 rdamedia
|
| 338 |
|
|
|a volume
|b nc
|2 rdacarrier
|
| 504 |
|
|
|a Includes bibliographical references and index.
|
| 600 |
1 |
0 |
|a Blake, William,
|d 1757-1827.
|
| 999 |
|
|
|a MARS
|
| 999 |
f |
f |
|s a9af7526-8e40-3005-b647-0ad2f3ad5ac1
|i 2e9c5d2e-1a98-317f-8f95-f5c129003b64
|t 0
|
| 952 |
f |
f |
|p normal
|a Texas A&M University
|b College Station
|c Sterling C. Evans Library
|d Evans: Library Stacks
|t 0
|e PR4146 .W43 1983
|h Library of Congress classification
|i unmediated -- volume
|m A14807974710
|
| 998 |
f |
f |
|a PR4146 .W43 1983
|t 0
|l Evans: Library Stacks
|